Red, White and Drunk All Over : (Record no. 602583)

MARC details
000 -LEADER
fixed length control field 00484nam a2200193 a 4500
008 - FIXED-LENGTH DATA ELEMENTS--GENERAL INFORMATION
fixed length control field 251215s2008##################000#0#eng##
020 ## - INTERNATIONAL STANDARD BOOK NUMBER
ISBN 9780747593331
082 04 - DEWEY DECIMAL CLASSIFICATION NUMBER
Classification number 641.22
Item number MAC
100 1# - MAIN ENTRY--AUTHOR NAME
Personal name MacLean, Natalie,
245 10 - TITLE STATEMENT
Title Red, White and Drunk All Over :
260 ## - PUBLICATION, DISTRIBUTION, ETC. (IMPRINT)
Name of publisher Bloomsbury Paperbacks,
Year of publication 2008.
300 ## - PHYSICAL DESCRIPTION
Number of Pages 288 pages
650 #0 - SUBJECT ADDED ENTRY--TOPICAL TERM
Topical Term California.
942 ## - ADDED ENTRY ELEMENTS (KOHA)
Koha item type English Books
Holdings
Withdrawn status Lost status Damaged status Not for loan Home library Current library Shelving location Date acquired Full call number Accession Number Price effective from Koha item type
        Anna Centenary Library Anna Centenary Library 6TH FLOOR, A WING 15.12.2025 641.22 MAC 499208 15.12.2025 English Books

Find us on the map